[Kriteriálny problém protimonopolnej politiky]

Recenzia na publikáciu L.Dolgoša: Kriteriálny problém protimonopolnej politiky. Publikácia je rozčlenená na tri časti.Prvá časť je venovaná chronológii protimonopolnej politiky na príklade USA, druhá časť typológii protimonopolnej politiky na príklade Európskej únie a záverečná časť je spracovaná po...

Descripción completa

Guardado en:
Detalles Bibliográficos
Autor principal: Přívara, Jan
Formato: Capítulo de libro
Lenguaje:eslovaco
Materias:
Etiquetas: Agregar Etiqueta
Sin Etiquetas, Sea el primero en etiquetar este registro!

MARC

LEADER 00000naa$a2200000$$$4500
001 0048650
005 20230918085554.8
041 0 |a slo 
044 |a SK 
245 1 0 |a [Kriteriálny problém protimonopolnej politiky]  |c Ján Přívara 
520 |a Recenzia na publikáciu L.Dolgoša: Kriteriálny problém protimonopolnej politiky. Publikácia je rozčlenená na tri časti.Prvá časť je venovaná chronológii protimonopolnej politiky na príklade USA, druhá časť typológii protimonopolnej politiky na príklade Európskej únie a záverečná časť je spracovaná pod názvom: Náčrt riešenia kriteriálneho problému protimonopolnej politiky. 
610 2 0 |a Európska únia 
610 2 0 |a recenzie 
610 2 0 |a politika protimonopolná 
610 2 0 |a koncentrácia 
610 2 0 |a konkurencia 
610 2 0 |a ochrana trhu 
610 2 0 |a USA 
610 2 0 |a Európska únia 
100 1 |a Přívara, Jan